| 000 | 00419nam a2200157 i 4500 | ||
|---|---|---|---|
| 001 | 142977 | ||
| 003 | ES-MaACL | ||
| 005 | 20231206063245.0 | ||
| 007 | t| | ||
| 008 | 071011s1920 sp ||||1| spa d | ||
| 100 | 0 |
_aVidaurreta, Diego de _9114545 |
|
| 245 | 1 | 3 |
_aEl suceso del Ideal / _cDiego de Vidaurreta. |
| 260 |
_aMadrid : _b[s.n.], _c1920. |
||
| 852 |
_aES-MaACL _j1593-F-5 |
||
| 999 |
_c142977 _d142977 |
||